| 000 | 01431nam a22002057a 4500 | ||
|---|---|---|---|
| 008 | 240927t20240927xxk|||||o|||| 00| 0 eng d | ||
| 041 | _aeng | ||
| 110 | _aRoyal Institution of Chartered Surveyors | ||
| 245 |
_aNew social housing stock condition survey standard to be developed by RICS and NHF _h[press release] |
||
| 260 |
_aLondon, _bRoyal Institution of Chartered Surveyors, _c26 September 2024 |
||
| 520 | _aThe Royal Institution of Chartered Surveyors (RICS) and the National Housing Federation (NHF) are working towards developing a stock condition survey standard for the UK's social housing sector. The standard's design, developed and created in partnership with housing associations and other vital stakeholders including the National Federation of ALMOs and the Association of Retained Council Housing and their members, is hoped to be completed and launched in 2025, with the views of residents sought during the development process to ensure housing associations can learn from the experiences of their residents. | ||
| 650 | _aHOUSING STANDARDS | ||
| 650 | _aRESIDENTIAL PROPERTY | ||
| 650 | _aSOCIAL HOUSING | ||
| 651 | _aUnited Kingdom | ||
| 690 |
_aBuilding surveying _96225 |
||
| 710 | _aRoyal Institution of Chartered Surveyors | ||
| 856 |
_uhttps://www.rics.org/news-insights/new-social-housing-stock-condition-survey-standard-to-be-developed-by-rics-and-nhf _zAvailable free on RICS.org |
||
| 942 | _n0 | ||
| 999 |
_c122004 _d122004 |
||